Fastest Marathoners (Men) - Statistics

General Stats
  • This quiz has been taken 79 times
    48 since last reset
  • The average score is 4 of 15
Answer Stats
Nationality Time Answer % Correct
Kenya 2:01:39 Eliud Kipchoge
100%
Ethiopia 2:01:41 Kenenisa Bekele
90%
Ethiopia 2:03:59 Haile Gebreselassie
48%
Kenya 2:02:57 Dennis Kimetto
40%
Kenya 2:03:13 Wilson Kipsang
36%
Ethiopia 2:02:55 Mosinet Geremew
29%
Kenya 2:03:13 Emmanuel Mutai
17%
Ethiopia 2:03:16 Mule Wasihun
17%
Kenya 2:03:38 Patrick Makau
14%
Ethiopia 2:02:48 Birhanu Legese
12%
Kenya 2:03:51 Stanley Biwott
12%
Ethiopia 2:03:46 Guye Adola
10%
Ethiopia 2:03:34 Getaneh Molla
5%
Ethiopia 2:03:36 Sisay Lemma
2%
Ethiopia 2:03:40 Herpasa Negasa
0%
No matching quizzes found
Score Distribution
Percent of People with Each Score
Percentile by Number Answered
Your Score History
You have not taken this quiz since the last reset